| Tag |
First Indicator |
Second Indicator |
Subfields |
| LEADER |
00000cam a2200000Ia 4500 |
| 001 |
in00002283513 |
| 005 |
20190326203132.0 |
| 006 |
m | d | |
| 007 |
cr |n||||||||n |
| 008 |
910218s1746 enk s 000 0 eng d |
| 040 |
|
|
|a DLM
|c GKS
|d OCL
|d Thomson Gale
|d UtOrBLW
|
| 043 |
|
|
|a e-uk---
|
| 100 |
0 |
|
|a Gideonite.
|
| 245 |
1 |
4 |
|a The art of stock-jobbing :
|b a poem in imitation of Horace's Art of poetry /
|c by a Gideonite.
|
| 264 |
|
3 |
|a London :
|b Printed for R. Baldwin, and J. Jefferys,
|c 1746.
|
| 300 |
|
|
|a [1], [v]-xi, [12]-47 pages
|
| 336 |
|
|
|a text
|b txt
|2 rdacontent
|
| 337 |
|
|
|a computer
|b c
|2 rdamedia
|
| 338 |
|
|
|a online resource
|b cr
|2 rdacarrier
|
| 500 |
|
|
|a Reproduction of original from Goldsmiths' Library, University of London.
|
| 500 |
|
|
|a Goldsmiths'-Kress number 08230.
|
| 510 |
4 |
|
|a Hanson
|c 6008
|
| 510 |
4 |
|
|a OCLC,
|c 23113179
|
| 533 |
|
|
|a Electronic reproduction.
|b Farmington Hills, Mich. :
|c Thomson Gale,
|d 2005.
|f (The making of the modern world).
|n Available via the World Wide Web.
|n Access limited to licensing agreements.
|7 s2005 miunns
|
| 500 |
|
|
|a Electronic resource.
|
| 650 |
|
0 |
|a Stocks
|z Great Britain.
|
| 655 |
|
0 |
|a Electronic books.
|
| 700 |
0 |
2 |
|a Horace.
|t Ars poetica.
|
| 830 |
|
0 |
|a Making of the modern world (Goldsmiths'-Kress Library of Economic Literature)
|
| 856 |
4 |
0 |
|u http://proxy.library.tamu.edu/login?url=http://galenet.galegroup.com/servlet/MOME?af=RN&ae=U100852044&srchtp=a&ste=14&locID=txshracd2898
|z Connect to the full text of this electronic book
|t 0
|
| 999 |
|
|
|a MARS
|
| 999 |
f |
f |
|s 9276aa15-c855-3756-87cf-8e7534c59448
|i 8482b907-c69d-35dd-912b-29ab0f2da6e8
|t 0
|
| 952 |
f |
f |
|a Texas A&M University
|b College Station
|c Electronic Resources
|d Available Online
|t 0
|h No information provided
|
| 998 |
f |
f |
|t 0
|l Available Online
|